Países visitados por D. Pedro II - Statistics

Estatísticas Gerais
  • Esse quiz foi jogado 95 vezes
  • A pontuação média é 16 de 19
Estatísticas das Respostas
Hint Resposta % Correto
1873 França
100%
1873 Inglaterra
99%
1876 Estados Unidos
98%
1873 Espanha
96%
1873 Portugal
96%
1873 Itália
93%
1873 Alemanha
91%
1876 Escócia
91%
1876 Canadá
90%
1876 Rússia
90%
1876 Áustria
86%
1873 Bélgica
86%
1876 Irlanda
81%
1876 Países Baixos
81%
1876 Suíça
81%
1876 Suécia
73%
1873 Egito
65%
1873 Turquia
65%
1876 Finlândia
56%
Nenhum quiz correspondente encontrado
Distribuição das Pontuações
Porcentagem de Pessoas com Cada Pontuação
Percentil de Números Respondidos
Sua Pontuação Histórica
Você não jogou esse quiz